Hechiceras, beatas y expósitas: mujeres y poder inquisitorial en Lima

Gorde:
Xehetasun bibliografikoak
Egile nagusia: Mannarelli, María Emma (autora)
Formatua: Liburua
Hizkuntza:gaztelania
Argitaratua: Lima Congreso del Perú 1998
Gaiak:
Etiketak: Etiketa erantsi
Etiketarik gabe, Izan zaitez lehena erregistro honi etiketa jartzen!

MARC

LEADER 00000nam a2200000 a 4500
001 UCL3547
003 CL-VaPUC
008 031128e19980000PE |||||||||||||||||spa|d
020 |a 9972755118 
082 0 4 |a 272.2  |b MAN  |2 21 
100 |a Mannarelli, María Emma  |e autora  |9 480864 
245 1 0 |a Hechiceras, beatas y expósitas: mujeres y poder inquisitorial en Lima 
300 |a 111 p 
942 |c BK 
945 |d 20031128 00:00:00  |a cmena 
260 |a Lima  |b Congreso del Perú  |c 1998 
650 0 |a Inquisición (Iglesia Católica)  |9 258578 
650 7 |a LIBERTAD DE CULTO  |2 CL-VaPUC  |9 403246 
650 0 |a Brujería   |9 335555 
650 0 |a Mujeres  |9 257649 
650 0 |a Antropología cultural y social   |9 265143 
651 0 |a Perú  |9 256567 
583 |a last modification  |c 20031128 00:00:00  |k Rodrigo Vera 
999 |c 306570  |d 306568 
952 |0 0  |1 0  |4 0  |6 272_200000000000000_MAN_1998  |7 0  |8 A  |9 371676  |a BIBHIS  |b BIBHIS  |d 2019-11-21  |i 3968456  |l 1  |o 272.2 MAN 1998  |p 3968456  |r 2025-03-31  |s 2025-03-27  |w 2019-11-21  |y BK  |k HIS